00245nam a2200097 45000820008000002450038000082600061000463000011001079420012001189990017001300 a96610aThe nationalist movement in sudan aKhartoumbInstitute of African and Asian Studiescc.1989 a438 p. 2ddccBK c64038d64012